| 000 | 00509nam a2200181Ia 4500 | ||
|---|---|---|---|
| 999 |
_c31992 _d31992 |
||
| 003 | OSt | ||
| 005 | 20200728103744.0 | ||
| 008 | 190216s9999||||xx |||||||||||||| ||und|| | ||
| 020 | _a8181280156 | ||
| 040 | _coclc | ||
| 082 |
_a510.76 _bENG/P |
||
| 100 |
_aEngel, Arthur _93808 |
||
| 245 | 0 |
_aProblem Solving Strategies / _cArthur Engel |
|
| 260 |
_bSpringer Verlag, _aNew Delhi: _c2005. |
||
| 300 | _a403p | ||
| 650 | _aMathematics | ||
| 942 |
_cBK _2ddc _h510.76 _iENG/P _k510.76 _mENG/P |
||